000 00593nam a22002297a 4500
003 UA-OsUOA
001 23586
007 ta
008 20040126b un ||||| |||| 00| 0 ukr d
090 _a316
_bР13
942 _cBK
040 _aUA-OsUOA
_brus
_cUA-OsUOA
_dUA-OsUOA
245 _aРабочая книга социолога
_cРед. Г.В.Осипов Д.М.Гвишиани В.В.Колбановский
300 _a511 с.
955 _a0
041 _arus
080 _a316
260 _aМосква
_bНАУКА
_c1976
044 _aRU
650 7 _2UDC
999 _c309838
_d309838